| 000 | 00882cam a22002537a 4500 | ||
|---|---|---|---|
| 999 |
_c15948 _d15948 |
||
| 003 | EG-ScBUE | ||
| 005 | 20200115115108.0 | ||
| 008 | 110905s1979 ua f 000 0 ara d | ||
| 020 | _a977201752 | ||
| 040 |
_aEG-SsBUE _bara _erda _cEG-SsBUE _dEG-SsBUE |
||
| 082 | 0 | 4 |
_a809 _bأ د هـ _222 |
| 100 | 1 |
_926428 _aأدهم، علي، _d1897-1981، _eمؤلف. |
|
| 245 | 1 | 0 |
_aفصول في الأدب والنقد والتاريخ / _cعلي أدهم. |
| 264 | 1 |
_a[القاهرة] : _bالهيئة المصرية العامة للكتاب، _c1979. |
|
| 300 |
_a259 صفحة ؛ _c24 سم |
||
| 336 |
_2rdacontent _aنص _btxt |
||
| 337 |
_2rdamedia _aبدون وسيط _bn |
||
| 338 |
_2rdacarrier _aمجلد _bnc |
||
| 590 | _abasantemad | ||
| 650 | 7 |
_aالأدب _xتاريخ ونقد. _2BUEsh _915991 |
|
| 653 |
_cSeptember2011 _bGGEN |
||
| 655 | _vReading book | ||
| 942 |
_2ddc _cBB |
||